[Event "SVK-chT3A2 1011"]
[Site "Slovakia"]
[Date "2010.11.28"]
[Round "4.7"]
[White "Palka, Martin"]
[Black "Bernath, Mikulas"]
[Result "1-0"]
[WhiteElo "1855"]
[BlackElo "1855"]
[PlyCount "57"]
[EventDate "2010.10.17"]
[EventType "team-tourn"]
[EventRounds "11"]
[EventCountry "SVK"]
[SourceTitle "EXT 2012"]
[Source "ChessBase"]
[SourceDate "2011.11.24"]
[SourceVersion "1"]
[SourceVersionDate "2011.11.24"]
[SourceQuality "1"]
[WhiteTeam "Senica SK"]
[BlackTeam "Potonska Veza"]
[WhiteTeamCountry "SVK"]
[BlackTeamCountry "SVK"]

1. e4 c5 2. Nf3 d6 3. d4 cxd4 4. Nxd4 Nf6 5. Nc3 a6 6. Be2 Nc6 7. Be3 e5 8. Nb3 Be7 9. 0-0 Qc7 10. Kh1 Be6 11. f4 exf4 12. Bxf4 Ne5 13. Nd4 Bd7 14. Nf5 Bxf5 15. exf5 0-0 16. Qd4 Rfd8 17. Rac1 Rab8 18. h3 Nfd7 19. Nd5 Qa5 20. Nxe7+ Kf8 21. Nd5 f6 22. a3 Re8 23. Bd2 Qd8 24. Rce1 Nc6 25. Qh4 Kg8 26. Bc4 Kh8 27. Rxe8+ Qxe8 28. Re1 Nde5 29. Nxf6 1-0